000 00334 a2200109 4500
001 ART_27814
005 20260410161949.0
008 260409a
245 1 0 _aPosibilidades de ahorro de costos en el comercio intramercosur
100 1 _aPontón, Vera C.
773 0 _tInvenio
_g- Año 2, Nº 3 (jun. 1999)
_wREV27781
999 _c30247
_d30247